00633nam a22001577a 4500020001800000082001600018245013300034250001700167260003700184300002700221563000900248650004800257942001200305999001900317952013900336 a9780128016480 a617.46bHIN aHinman's Atlas of Urologic Surgery /cEdited by Joseph A. Smith Jr., Stuart S. Howards, Glenn M. Preminger ; Roger R. Dmochowski a4th Edition. aPhiladelphia :bElsevier,c2018. a946 p. ;bill,c28 cm. aPBK. aUrogenital SystemvAtlasesxSurgery9114309 2ddccBK c595672d595672 00102ddc4070aNSHSbNSHScGENd2023-08-30ePrince Booksg29500.00o617.46 HINpNSHS-1736r2023-08-30tc.1v59000.00w2023-08-30yBK